[Event "Titled Tuesday intern op 02nd Apr Early"]
[Site "Chess.com INT"]
[Date "2024.04.02"]
[Round "3"]
[White "Barbosa, Evandro Amorim"]
[Black "Korobov, Anton"]
[Result "0-1"]
[WhiteElo "2491"]
[BlackElo "2651"]
[PlyCount "100"]
[EventDate "2024.04.02"]
[EventType "swiss (blitz)"]
[EventRounds "11"]
[EventCountry "USA"]
[SourceTitle "CB15_2024"]
[SourceDate "2024.04.10"]
[SourceVersion "1"]
[SourceVersionDate "2024.04.10"]
[SourceQuality "1"]

1. e4 c5 2. Nf3 d6 3. Bb5+ Nd7 4. d4 cxd4 5. Qxd4 a6 6. Bxd7+ Bxd7 7. 0-0 Rc8 8. c4 e5 9. Qd3 b5 10. Na3 Qb6 11. b3 Nf6 12. Bg5 Be7 13. Bxf6 Bxf6 14. Rfd1 Ke7 15. cxb5 axb5 16. Nc2 Be6 17. Nb4 Rc5 18. Nd2 Rhc8 19. Nf1 Rc3 20. Nd5+ Bxd5 21. Qxd5 Bg5 22. Rd3 R8c5 23. Rxc3 Rxd5 24. exd5 Qd4 25. Rc7+ Kf6 26. Re1 Qxd5 27. Ne3 Bxe3 28. fxe3 Ke6 29. e4 Qd4+ 30. Kh1 Qf2 31. Rd1 Qe2 32. Rcc1 Qxe4 33. Re1 Qa8 34. a4 bxa4 35. Ra1 a3 36. Reb1 h5 37. b4 h4 38. h3 g5 39. b5 g4 40. b6 Qb7 41. Rxa3 f5 42. Kg1 Kf6 43. Ra7 Qe4 44. Raa1 gxh3 45. gxh3 Qe3+ 46. Kf1 Qxh3+ 47. Kg1 Qg3+ 48. Kf1 h3 49. Ra2 h2 50. Rxh2 Qxh2 0-1

[Event "Prague op"]
[Site "Prague"]
[Date "2024.03.03"]
[Round "5"]
[White "Kusa, Jakub"]
[Black "Barbosa, Evandro Amorim"]
[Result "1/2-1/2"]
[WhiteElo "2348"]
[BlackElo "2491"]
[PlyCount "64"]
[EventDate "2024.02.28"]
[EventType "swiss"]
[EventRounds "9"]
[EventCountry "CZE"]
[SourceTitle "CB11_2024"]
[SourceDate "2024.03.13"]
[SourceVersion "1"]
[SourceVersionDate "2024.03.13"]
[SourceQuality "1"]

1. d4 Nf6 2. Nf3 g6 3. c4 Bg7 4. Nc3 d6 5. e4 0-0 6. Be2 e5 7. Be3 exd4 8. Nxd4 Re8 9. f3 c6 10. Bf2 d5 11. exd5 cxd5 12. 0-0 Nc6 13. c5 Nh5 14. Qd2 Be5 15. g3 Ng7 16. Rfe1 Nf5 17. Ncb5 Qf6 18. Rad1 Nfxd4 19. Nxd4 Bh3 20. f4 Bxd4 21. Bxd4 Nxd4 22. Qxd4 Qxd4+ 23. Rxd4 Rac8 24. Rxd5 Re4 25. a3 Be6 26. Rdd1 Rxc5 27. Bf3 Rxe1+ 28. Rxe1 b6 29. Kf2 Kf8 30. Ke3 Ke7 31. Kd2 Kd6 32. Re3 Bf5 1/2-1/2

[Event "Titled Tuesday intern op 27th Feb Late"]
[Site "Chess.com INT"]
[Date "2024.02.27"]
[Round "7"]
[White "Barbosa, Evandro Amorim"]
[Black "Boor, Carl Brandon"]
[Result "1-0"]
[WhiteElo "2491"]
[BlackElo "2231"]
[PlyCount "43"]
[EventDate "2024.02.27"]
[EventType "swiss (blitz)"]
[EventRounds "11"]
[EventCountry "USA"]
[SourceTitle "CB10_2024"]
[SourceDate "2024.03.06"]
[SourceVersion "1"]
[SourceVersionDate "2024.03.06"]
[SourceQuality "1"]

1. Nf3 d5 2. g3 Bg4 3. Bg2 e6 4. 0-0 Nd7 5. d4 Ngf6 6. Nbd2 Be7 7. Re1 0-0 8. e4 dxe4 9. Nxe4 Nxe4 10. Rxe4 Nf6 11. Re1 c5 12. c3 cxd4 13. Qxd4 Qxd4 14. Nxd4 Rad8 15. Bxb7 Bc5 16. Be3 Bb6 17. Bg2 Nd5 18. Bg5 Rd7 19. Nc6 h6 20. Ne5 Rb7 21. Nxg4 hxg5 22. c4 1-0

[Event "Titled Tuesday intern op 27th Feb Late"]
[Site "Chess.com INT"]
[Date "2024.02.27"]
[Round "3"]
[White "Perez Ponsa, Federico"]
[Black "Barbosa, Evandro Amorim"]
[Result "1-0"]
[WhiteElo "2538"]
[BlackElo "2491"]
[PlyCount "103"]
[EventDate "2024.02.27"]
[EventType "swiss (blitz)"]
[EventRounds "11"]
[EventCountry "USA"]
[SourceTitle "CB10_2024"]
[SourceDate "2024.03.06"]
[SourceVersion "1"]
[SourceVersionDate "2024.03.06"]
[SourceQuality "1"]

1. e4 c5 2. Nf3 e6 3. c3 Nf6 4. e5 Nd5 5. d4 cxd4 6. cxd4 d6 7. Bc4 Be7 8. 0-0 0-0 9. Qe2 b6 10. Rd1 Bb7 11. Bxd5 exd5 12. Nc3 Na6 13. Bf4 Nc7 14. h3 Re8 15. Rac1 Bf8 16. Qd3 Ne6 17. Bg3 a6 18. Qf5 Rc8 19. Bh4 Qd7 20. exd6 Bxd6 21. Ne5 Bxe5 22. Qxe5 Nc5 23. Qh5 Ne4 24. Nxe4 Rxe4 25. Bg3 Bc6 26. Rc3 Rce8 27. Kh2 h6 28. Rdc1 Bb5 29. Rc7 Qe6 30. Rb7 Rxd4 31. Rcc7 Rf8 32. Re7 Qf6 33. Be5 Rh4 34. Bxf6 Rxh5 35. g4 Rxh3+ 36. Kxh3 gxf6 37. Rxb6 Kg7 38. Rd6 Bd3 39. Rxd5 Bg6 40. f4 h5 41. f5 Bh7 42. Rdd7 hxg4+ 43. Kxg4 Bg8 44. b3 Rb8 45. Rb7 Rd8 46. Red7 Re8 47. Kf4 Re2 48. Rd6 a5 49. Rd5 Rf2+ 50. Ke3 Rf1 51. Rxa5 Bh7 52. Rbb5 1-0

[Event "Titled Tuesday intern op 27th Feb Late"]
[Site "Chess.com INT"]
[Date "2024.02.27"]
[Round "6"]
[White "Quesada Perez, Yuniesky"]
[Black "Barbosa, Evandro Amorim"]
[Result "1-0"]
[WhiteElo "2591"]
[BlackElo "2491"]
[PlyCount "87"]
[EventDate "2024.02.27"]
[EventType "swiss (blitz)"]
[EventRounds "11"]
[EventCountry "USA"]
[SourceTitle "CB10_2024"]
[SourceDate "2024.03.06"]
[SourceVersion "1"]
[SourceVersionDate "2024.03.06"]
[SourceQuality "1"]

1. e4 c5 2. Nf3 e6 3. d4 cxd4 4. Nxd4 Nc6 5. Nc3 d6 6. Be3 a6 7. Qd2 Nf6 8. f3 Be7 9. 0-0-0 0-0 10. g4 Nxd4 11. Bxd4 b5 12. g5 Nd7 13. h4 Bb7 14. Kb1 b4 15. Ne2 a5 16. Ng3 Ne5 17. Be2 b3 18. cxb3 a4 19. b4 a3 20. b3 Qb8 21. Nh5 Rd8 22. Rhg1 d5 23. Nf6+ Kh8 24. exd5 Bxd5 25. Qf4 Nxf3 26. Qxb8 Raxb8 27. Nxd5 Nxd4 28. Rxd4 exd5 29. Rgg4 g6 30. b5 Bc5 31. Rd1 Re8 32. Bd3 d4 33. Rf4 Rb7 34. Rf6 Re3 35. Rc6 Bb4 36. Bc4 Rd7 37. b6 d3 38. Rc7 Rd8 39. b7 Ree8 40. Bb5 Ba5 41. Rxf7 Re2 42. Rxd3 Re1+ 43. Kc2 Rb8 44. Rdd7 1-0

[Event "Titled Tuesday intern op 24th Oct Late"]
[Site "Chess.com INT"]
[Date "2023.10.24"]
[Round "7"]
[White "Barbosa, Evandro Amorim"]
[Black "Bold, Andre"]
[Result "1-0"]
[WhiteElo "2491"]
[BlackElo "2194"]
[PlyCount "73"]
[EventDate "2023.10.24"]
[EventType "swiss (blitz)"]
[EventRounds "11"]
[EventCountry "USA"]
[SourceTitle "Mega2024 Update 01"]
[Source "Chessbase"]
[SourceDate "2023.11.12"]
[SourceVersion "1"]
[SourceVersionDate "2023.11.12"]
[SourceQuality "1"]

1. e4 c6 2. Nc3 d5 3. Nf3 Bg4 4. h3 Bxf3 5. Qxf3 e6 6. d4 Nd7 7. Bd3 dxe4 8. Nxe4 Ndf6 9. c3 Nxe4 10. Bxe4 Nf6 11. Bc2 Qd5 12. Ke2 Qxf3+ 13. Kxf3 g6 14. Re1 Bg7 15. a4 0-0 16. a5 Nd7 17. a6 b6 18. g4 c5 19. Be4 Rac8 20. Bb7 Rc7 21. Bf4 e5 22. dxe5 Nb8 23. Kg2 Re7 24. Bg3 g5 25. Rad1 Rfe8 26. Rd5 h6 27. f4 gxf4 28. Bxf4 Re6 29. Red1 Nc6 30. Bxc6 Rxc6 31. Rd6 Rec8 32. Rxc6 Rxc6 33. Rd7 b5 34. Rxa7 b4 35. c4 Kh7 36. Kf3 Kg6 37. Ke4 1-0

[Event "Titled Tuesday intern op 24th Oct Late"]
[Site "Chess.com INT"]
[Date "2023.10.24"]
[Round "3"]
[White "Barbosa, Evandro Amorim"]
[Black "Rasulov, Vugar Ural Oglu"]
[Result "0-1"]
[WhiteElo "2491"]
[BlackElo "2560"]
[PlyCount "142"]
[EventDate "2023.10.24"]
[EventType "swiss (blitz)"]
[EventRounds "11"]
[EventCountry "USA"]
[SourceTitle "Mega2024 Update 01"]
[Source "Chessbase"]
[SourceDate "2023.11.12"]
[SourceVersion "1"]
[SourceVersionDate "2023.11.12"]
[SourceQuality "1"]

1. e4 e5 2. Nf3 Nc6 3. Bc4 Nf6 4. d3 Bc5 5. Bg5 h6 6. Bh4 Be7 7. Bxf6 Bxf6 8. Nc3 d6 9. Qd2 Na5 10. Nd5 Nxc4 11. dxc4 Be6 12. 0-0-0 Bg5 13. Nxg5 hxg5 14. Qc3 Bxd5 15. cxd5 g6 16. g3 g4 17. f4 gxf3 18. Qxf3 Qe7 19. Rdf1 Rh7 20. h4 0-0-0 21. Qf6 Qxf6 22. Rxf6 Kd7 23. Rhf1 Ke7 24. Kd2 c6 25. c4 cxd5 26. cxd5 Rc8 27. Kd3 Rc5 28. b4 Rc7 29. a3 b5 30. Kd2 Rc4 31. Kd3 Rd4+ 32. Ke3 a5 33. bxa5 Ra4 34. R6f3 Rxa3+ 35. Kd2 Ra2+ 36. Kc3 Rxa5 37. Kb4 Ra4+ 38. Kxb5 Rxe4 39. Rc1 Rd4 40. Rc7+ Kf8 41. Kc6 e4 42. Re3 Rh5 43. Kxd6 Rdxd5+ 44. Kc6 Rc5+ 45. Kb7 Rxc7+ 46. Kxc7 Re5 47. Kd6 f6 48. g4 Kf7 49. g5 Re6+ 50. Kd5 f5 51. Kd4 Rd6+ 52. Ke5 Re6+ 53. Kf4 Rc6 54. h5 Rc1 55. h6 Rf1+ 56. Ke5 Rf3 57. Re2 e3 58. Rh2 Kg8 59. Kf6 Rf2 60. Rh1 e2 61. Rb1 Rf1 62. Rb8+ Kh7 63. Rb7+ Kg8 64. Rb8+ Kh7 65. Rb7+ Kg8 66. Kxg6 Kf8 67. Rb8+ Ke7 68. h7 Rh1 69. h8Q Rxh8 70. Rb7+ Ke6 71. Rb6+ Ke5 0-1

[Event "Rio de Janeiro op 2nd"]
[Site "Rio de Janeiro"]
[Date "2023.05.05"]
[Round "6"]
[White "Barbosa, Evandro Amorim"]
[Black "Cubas, Jose Fernando"]
[Result "1/2-1/2"]
[WhiteElo "2491"]
[BlackElo "2455"]
[PlyCount "67"]
[EventDate "2023.05.02"]
[EventType "swiss"]
[EventRounds "9"]
[EventCountry "BRA"]
[SourceTitle "CBM 214 Extra"]
[Source "ChessBase"]
[SourceDate "2023.07.31"]
[SourceVersion "1"]
[SourceVersionDate "2023.07.31"]
[SourceQuality "1"]

1. e4 c5 2. Nf3 e6 3. d4 cxd4 4. Nxd4 a6 5. Bd3 Bc5 6. Nb3 Be7 7. Qg4 g6 8. Qe2 d6 9. 0-0 Nd7 10. a4 b6 11. Na3 Qc7 12. Nc4 Bb7 13. a5 b5 14. Nb6 Nxb6 15. axb6 Qxb6 16. Na5 Nf6 17. Be3 Qc7 18. Nxb7 Qxb7 19. Rxa6 Rxa6 20. Bxb5+ Rc6 21. Qc4 0-0 22. Qxc6 Qxc6 23. Bxc6 Rc8 24. Bb5 Rxc2 25. Rb1 d5 26. Bd3 Rc8 27. exd5 Nxd5 28. Bd2 Bb4 29. Bh6 Rb8 30. g3 Bf8 31. Bd2 Bb4 32. Bh6 Bf8 33. Bd2 Bb4 34. Ra1 1/2-1/2

[Event "Rio de Janeiro op 2nd"]
[Site "Rio de Janeiro"]
[Date "2023.05.02"]
[Round "1"]
[White "Trombini, Fabio"]
[Black "Barbosa, Evandro Amorim"]
[Result "0-1"]
[WhiteElo "1853"]
[BlackElo "2491"]
[PlyCount "138"]
[EventDate "2023.05.02"]
[EventType "swiss"]
[EventRounds "9"]
[EventCountry "BRA"]
[SourceTitle "CBM 214 Extra"]
[Source "ChessBase"]
[SourceDate "2023.07.31"]
[SourceVersion "1"]
[SourceVersionDate "2023.07.31"]
[SourceQuality "1"]

1. b3 c5 2. e3 d5 3. Bb2 a6 4. Nf3 Nc6 5. d4 Nf6 6. Bd3 Bg4 7. Nbd2 cxd4 8. exd4 Nb4 9. Nf1 Rc8 10. c3 Nxd3+ 11. Qxd3 e6 12. Ng3 Bd6 13. Ne5 Qc7 14. 0-0 Bh5 15. Nxh5 Nxh5 16. c4 dxc4 17. bxc4 0-0 18. Rfc1 Rfd8 19. Qf3 Nf6 20. h3 Bxe5 21. dxe5 Nd7 22. Rab1 Nb6 23. Ba3 Rd7 24. Bd6 Qc6 25. Qxc6 Rxc6 26. c5 Nd5 27. Rb3 f6 28. Rcb1 b6 29. cxb6 Rb7 30. Bc7 Kf7 31. exf6 gxf6 32. a4 Rc4 33. f4 Rxa4 34. f5 exf5 35. Rd3 Ra5 36. Rbd1 Ke6 37. Re1+ Kd7 38. Red1 Kc6 39. Rc1+ Rc5 40. Ra1 a5 41. Rda3 Nxb6 42. Bxb6 Kxb6 43. Ra4 Ra7 44. Rb1+ Kc6 45. Rb8 Re5 46. Kh2 Re4 47. Ra1 a4 48. Rf8 Re6 49. Rc1+ Kd6 50. Rd8+ Ke7 51. Rh8 Rea6 52. Rxh7+ Ke6 53. Rh8 a3 54. Rhc8 a2 55. Ra1 Ra3 56. Rc2 f4 57. Rf2 R7a4 58. Re1+ Kf5 59. Ra1 Ke4 60. Re1+ Kd3 61. Ra1 Ke3 62. Rb2 Kd4 63. Rf2 Kc3 64. h4 Kb3 65. Kh3 Rc4 66. h5 Rc5 67. Kg4 Rg5+ 68. Kh4 Ra4 69. Raf1 a1Q 0-1

[Event "Titled Tuesday intern op 04th Apr Late"]
[Site "Chess.com INT"]
[Date "2023.04.04"]
[Round "1"]
[White "Zhong, Kevin"]
[Black "Barbosa, Evandro Amorim"]
[Result "0-1"]
[WhiteElo "2120"]
[BlackElo "2491"]
[PlyCount "76"]
[EventDate "2023.04.04"]
[EventType "swiss (blitz)"]
[EventRounds "11"]
[EventCountry "USA"]
[SourceTitle "EXT 2024"]
[Source "ChessBase"]
[SourceDate "2023.10.10"]
[SourceVersion "1"]
[SourceVersionDate "2023.10.10"]
[SourceQuality "1"]

1. d4 Nf6 2. c4 e6 3. Nf3 c5 4. d5 exd5 5. cxd5 d6 6. Nc3 g6 7. Nd2 Bg7 8. e4 0-0 9. Be2 b6 10. a4 Ba6 11. Bb5 Ne8 12. 0-0 Nc7 13. Qe2 Re8 14. Qd3 Bxb5 15. axb5 Nd7 16. f4 Nf6 17. h3 Nh5 18. g4 Nf6 19. Nc4 Qd7 20. Rd1 h5 21. g5 Nh7 22. Na3 f6 23. Kg2 fxg5 24. fxg5 Rf8 25. Be3 Be5 26. Rf1 Qe7 27. Qd2 Bxc3 28. bxc3 Qxe4+ 29. Kg1 Rf3 30. Rxf3 Qxf3 31. Qd3 Nf8 32. c4 Re8 33. Nc2 Qg3+ 34. Kh1 Qxh3+ 35. Kg1 Qg3+ 36. Kh1 Qf3+ 37. Kg1 Re4 38. Rf1 Rg4+ 0-1

[Event "Titled Tuesday intern op 21st Mar Late"]
[Site "Chess.com INT"]
[Date "2023.03.21"]
[Round "2"]
[White "Barbosa, Evandro Amorim"]
[Black "Zierk, Steven C"]
[Result "0-1"]
[WhiteElo "2491"]
[BlackElo "2488"]
[PlyCount "72"]
[EventDate "2023.03.21"]
[EventType "swiss (blitz)"]
[EventRounds "11"]
[EventCountry "USA"]
[SourceTitle "EXT 2024"]
[Source "ChessBase"]
[SourceDate "2023.10.10"]
[SourceVersion "1"]
[SourceVersionDate "2023.10.10"]
[SourceQuality "1"]

1. e4 e6 2. d3 d5 3. Qe2 dxe4 4. dxe4 e5 5. Nf3 Nc6 6. c3 Nf6 7. Qc2 Bc5 8. Bb5 Bd7 9. 0-0 Qe7 10. Bg5 h6 11. Bh4 a6 12. Ba4 0-0 13. Nbd2 Rad8 14. Rfe1 Nb8 15. Bb3 Bg4 16. h3 Bh5 17. g4 Bg6 18. Nf1 Nbd7 19. Ng3 Rfe8 20. Nf5 Bxf5 21. gxf5 Ba7 22. Kh2 Nc5 23. Rg1 Rd3 24. Qe2 Nxb3 25. axb3 Red8 26. Rg2 Kh7 27. Rag1 Qf8 28. Nxe5 Rd2 29. Rxg7+ Qxg7 30. Rxg7+ Kxg7 31. Qf3 R8d6 32. Nc4 Nd7 33. Nxd2 Rxd2 34. f6+ Kf8 35. Qf4 Rxb2 36. Qxc7 Bb8 0-1

[Event "Titled Tuesday intern op 28th Feb Late"]
[Site "Chess.com INT"]
[Date "2023.02.28"]
[Round "3"]
[White "Caruana, Fabiano"]
[Black "Barbosa, Evandro Amorim"]
[Result "1-0"]
[WhiteElo "2766"]
[BlackElo "2491"]
[PlyCount "67"]
[EventDate "2023.02.28"]
[EventType "swiss (blitz)"]
[EventRounds "11"]
[EventCountry "USA"]
[SourceTitle "CBM 213 Extra"]
[Source "ChessBase"]
[SourceDate "2023.05.31"]
[SourceVersion "1"]
[SourceVersionDate "2023.05.31"]
[SourceQuality "1"]

1. b3 d5 2. Bb2 c5 3. e3 a6 4. f4 Nc6 5. Nf3 Nf6 6. g3 g6 7. Bg2 Bg7 8. 0-0 0-0 9. Qe1 d4 10. e4 e5 11. d3 Ng4 12. Bc1 Ne3 13. Bxe3 dxe3 14. f5 gxf5 15. Qxe3 fxe4 16. dxe4 Nd4 17. Rf2 f5 18. Nc3 f4 19. Qd3 fxg3 20. hxg3 Bg4 21. Nd5 Bxf3 22. Bxf3 Qg5 23. Kg2 Nxf3 24. Rxf3 Rxf3 25. Qxf3 Rf8 26. Qe2 b5 27. Rh1 c4 28. bxc4 bxc4 29. Rh5 Qc1 30. Ne7+ Kf7 31. Nf5 Rd8 32. Qxc4+ Kg6 33. Nh4+ Kxh5 34. Qf7+ 1-0

[Event "Florianopolis op 9th"]
[Site "Florianopolis"]
[Date "2023.01.26"]
[Round "5"]
[White "Barbosa, Evandro Amorim"]
[Black "Federzoni, Enzo"]
[Result "1-0"]
[WhiteElo "2482"]
[BlackElo "2123"]
[PlyCount "88"]
[EventDate "2023.01.23"]
[EventType "swiss"]
[EventRounds "10"]
[EventCountry "BRA"]
[SourceTitle "CBM 212 Extra"]
[Source "ChessBase"]
[SourceDate "2023.03.31"]
[SourceVersion "1"]
[SourceVersionDate "2023.03.31"]
[SourceQuality "1"]

1. e4 c5 2. Nf3 d6 3. d4 cxd4 4. Nxd4 Nf6 5. Nc3 a6 6. Be2 e5 7. Nb3 Be7 8. 0-0 0-0 9. Re1 Be6 10. Bf3 Nbd7 11. a4 Rc8 12. a5 Qc7 13. Be3 Qb8 14. Nd2 Bd8 15. Qb1 Qa8 16. Rd1 b5 17. axb6 Bxb6 18. Nf1 Bxe3 19. Nxe3 Qc6 20. Ra5 Nc5 21. Qa1 Ra8 22. Qa3 Rfb8 23. Ncd5 Bxd5 24. exd5 Qb7 25. Nc4 e4 26. Be2 Rd8 27. b4 Ncd7 28. Nxd6 Qc7 29. Nc4 Nb6 30. Ne3 Nfxd5 31. Nxd5 Qxc2 32. Kf1 Nc4 33. Qa4 Qxa4 34. Rxa4 Nb2 35. Ne7+ Kf8 36. Rxd8+ Rxd8 37. Nc6 Rd2 38. Rxa6 f5 39. g3 Rc2 40. Nd4 Rc1+ 41. Kg2 Nd3 42. Bxd3 exd3 43. Nf3 Rb1 44. Rd6 Kg8 1-0

[Event "Florianopolis op 9th"]
[Site "Florianopolis"]
[Date "2023.01.24"]
[Round "2"]
[White "Rodriguez Farias, Eduardo"]
[Black "Barbosa, Evandro Amorim"]
[Result "0-1"]
[WhiteElo "1919"]
[BlackElo "2482"]
[PlyCount "60"]
[EventDate "2023.01.23"]
[EventType "swiss"]
[EventRounds "10"]
[EventCountry "BRA"]
[SourceTitle "CBM 212 Extra"]
[Source "ChessBase"]
[SourceDate "2023.03.31"]
[SourceVersion "1"]
[SourceVersionDate "2023.03.31"]
[SourceQuality "1"]

1. e4 c5 2. c3 Nf6 3. Bd3 Nc6 4. Bc2 d5 5. exd5 Qxd5 6. Qf3 Bg4 7. Qxd5 Nxd5 8. f3 Bh5 9. Ne2 Bg6 10. Ba4 Bd3 11. Na3 0-0-0 12. Bb5 Ne5 13. f4 Bxb5 14. fxe5 Bxe2 15. Kxe2 Nf4+ 16. Ke3 Nd3 17. Rf1 f6 18. Nc4 b5 19. Nd6+ exd6 20. Kxd3 dxe5+ 21. Ke4 Be7 22. a4 b4 23. d3 g6 24. Bd2 f5+ 25. Kxe5 Rhe8 26. Kf4 Rxd3 27. Be1 Bd8 28. Rf3 Re4+ 29. Kg3 Bh4+ 30. Kh3 Bxe1 0-1

[Event "Arica op 8th"]
[Site "Arica"]
[Date "2022.12.18"]
[Round "5"]
[White "Barbosa, Evandro Amorim"]
[Black "Leiva Rodriguez, Jeammarco Giuseppe"]
[Result "1/2-1/2"]
[WhiteElo "2478"]
[BlackElo "2365"]
[PlyCount "47"]
[EventDate "2022.12.16"]
[EventType "swiss"]
[EventRounds "10"]
[EventCountry "CHI"]
[SourceTitle "CBM 212 Extra"]
[Source "ChessBase"]
[SourceDate "2023.03.31"]
[SourceVersion "1"]
[SourceVersionDate "2023.03.31"]
[SourceQuality "1"]

1. e4 c6 2. d4 d5 3. e5 Bf5 4. h4 h5 5. Bd3 Bxd3 6. Qxd3 e6 7. Bg5 Qb6 8. Nd2 Nd7 9. Ngf3 Ne7 10. 0-0 Nf5 11. c4 Be7 12. Bxe7 Nxe7 13. b4 0-0 14. a4 Nf5 15. b5 Qd8 16. g3 dxc4 17. Nxc4 Nc5 18. Qd1 cxb5 19. axb5 Qd5 20. Rc1 Ne4 21. Qd3 Nc5 22. Qd1 Ne4 23. Qd3 Nc5 24. Qd1 1/2-1/2

[Event "Arica op 8th"]
[Site "Arica"]
[Date "2022.12.17"]
[Round "4"]
[White "Bachmann, Axel"]
[Black "Barbosa, Evandro Amorim"]
[Result "1/2-1/2"]
[WhiteElo "2618"]
[BlackElo "2478"]
[PlyCount "46"]
[EventDate "2022.12.16"]
[EventType "swiss"]
[EventRounds "10"]
[EventCountry "CHI"]
[SourceTitle "CBM 212 Extra"]
[Source "ChessBase"]
[SourceDate "2023.03.31"]
[SourceVersion "1"]
[SourceVersionDate "2023.03.31"]
[SourceQuality "1"]

1. Nf3 c5 2. e4 d6 3. Bb5+ Bd7 4. c4 Nf6 5. Nc3 g6 6. d4 cxd4 7. Nxd4 Bg7 8. 0-0 0-0 9. Bxd7 Nbxd7 10. b3 a6 11. Bb2 Rc8 12. Qe2 Qa5 13. Nd5 Rfe8 14. Rad1 e6 15. Bc3 Qd8 16. Nxf6+ Bxf6 17. Qb2 d5 18. exd5 exd5 19. cxd5 Nb6 20. Nb5 Bxc3 21. Nxc3 Qf6 22. Rd3 Nxd5 23. Rxd5 Qxc3 1/2-1/2

[Event "Arica op 8th"]
[Site "Arica"]
[Date "2022.12.17"]
[Round "3"]
[White "Barbosa, Evandro Amorim"]
[Black "Coro, Lucas"]
[Result "1-0"]
[WhiteElo "2478"]
[BlackElo "2310"]
[PlyCount "55"]
[EventDate "2022.12.16"]
[EventType "swiss"]
[EventRounds "10"]
[EventCountry "CHI"]
[SourceTitle "CBM 212 Extra"]
[Source "ChessBase"]
[SourceDate "2023.03.31"]
[SourceVersion "1"]
[SourceVersionDate "2023.03.31"]
[SourceQuality "1"]

1. e4 c5 2. Nf3 d6 3. d4 cxd4 4. Nxd4 Nf6 5. Nc3 a6 6. Be2 e5 7. Nb3 Be7 8. 0-0 0-0 9. Qd3 Be6 10. Bd2 Nbd7 11. Nd5 Bxd5 12. exd5 Ne8 13. Na5 Rb8 14. b4 f5 15. c4 Bg5 16. Be1 Qe7 17. Rd1 Rf6 18. Bc3 Qf7 19. Qc2 Qf8 20. Bb2 Rh6 21. c5 dxc5 22. bxc5 Qxc5 23. Qxc5 Nxc5 24. Bxe5 Rc8 25. d6 Nd7 26. f4 Bf6 27. Bc4+ Kh8 28. Be6 1-0

[Event "Natal zt 2.4"]
[Site "Natal"]
[Date "2022.10.06"]
[Round "6"]
[White "Barbosa, Evandro Amorim"]
[Black "Paredes Lagos, Anthony Javier"]
[Result "1-0"]
[WhiteElo "2476"]
[BlackElo "2211"]
[PlyCount "54"]
[EventDate "2022.10.03"]
[EventType "swiss"]
[EventRounds "9"]
[EventCountry "BRA"]
[SourceTitle "EXT 2024"]
[Source "ChessBase"]
[SourceDate "2023.10.10"]
[SourceVersion "1"]
[SourceVersionDate "2023.10.10"]
[SourceQuality "1"]

1. e4 c5 2. Nf3 d6 3. d4 cxd4 4. Nxd4 Nf6 5. Nc3 Nc6 6. Bg5 e6 7. Qd2 a6 8. 0-0-0 Bd7 9. Kb1 Be7 10. Nxc6 Bxc6 11. f3 b5 12. h4 b4 13. Ne2 Qb6 14. Be3 Qb7 15. Nd4 Bd7 16. g4 a5 17. Bd3 a4 18. h5 h6 19. Qe2 Ra5 20. Bc1 Nh7 21. f4 Bf6 22. Nf3 Bc6 23. Rhg1 a3 24. b3 Bc3 25. Nd2 Bxd2 26. Bxd2 Nf6 27. Qe1 Nh7 1-0

[Event "Natal zt 2.4"]
[Site "Natal"]
[Date "2022.10.04"]
[Round "2"]
[White "Barbosa, Evandro Amorim"]
[Black "De Lima, Alexsandro Barros"]
[Result "0-1"]
[WhiteElo "2476"]
[BlackElo "2151"]
[PlyCount "63"]
[EventDate "2022.10.03"]
[EventType "swiss"]
[EventRounds "9"]
[EventCountry "BRA"]
[SourceTitle "EXT 2024"]
[Source "ChessBase"]
[SourceDate "2023.10.10"]
[SourceVersion "1"]
[SourceVersionDate "2023.10.10"]
[SourceQuality "1"]

1. e4 c5 2. Nf3 d6 3. d4 cxd4 4. Nxd4 Nf6 5. Nc3 a6 6. a4 e5 7. Nf3 Be7 8. Bc4 Be6 9. Qe2 Nc6 10. 0-0 Rc8 11. Ba2 0-0 12. Bg5 Qb6 13. Rfb1 Nd4 14. Nxd4 exd4 15. Bxf6 Bxf6 16. Nd5 Bxd5 17. Bxd5 Rc5 18. Qd3 Qc7 19. Bb3 Re8 20. Re1 g6 21. Re2 Re7 22. Rd1 a5 23. Qf3 Bg7 24. h4 Qc6 25. Rd3 b5 26. Bd5 Qe8 27. Red2 bxa4 28. h5 Qc8 29. Qd1 Rec7 30. Rf3 Qg4 31. hxg6 hxg6 32. Qe2 0-1

[Event "Titled Tuesday intern op 13th Sep Late"]
[Site "Chess.com INT"]
[Date "2022.09.13"]
[Round "9"]
[White "Barbosa, Evandro Amorim"]
[Black "Ceres, Dragos"]
[Result "1/2-1/2"]
[WhiteElo "2481"]
[BlackElo "2407"]
[PlyCount "138"]
[EventDate "2022.09.13"]
[EventType "swiss (blitz)"]
[EventRounds "11"]
[EventCountry "USA"]
[SourceTitle "EXT 2023"]
[Source "ChessBase"]
[SourceDate "2022.10.05"]
[SourceVersion "1"]
[SourceVersionDate "2022.10.05"]
[SourceQuality "1"]

1. e4 e5 2. Nf3 Nc6 3. Bb5 a6 4. Ba4 g6 5. c3 Bg7 6. d4 exd4 7. cxd4 b5 8. Bb3 Na5 9. Bd2 Nxb3 10. Qxb3 Ne7 11. d5 d6 12. Bc3 f6 13. 0-0 0-0 14. Nbd2 Kh8 15. a4 Rb8 16. axb5 axb5 17. Ba5 Qd7 18. Nd4 c5 19. Ne6 Rg8 20. Nxg7 Kxg7 21. Bc3 b4 22. Nc4 Bb7 23. Bd2 Nxd5 24. exd5 Bxd5 25. Qd3 Qe6 26. Ra7+ Kh8 27. Re1 Bxc4 28. Rxe6 Bxd3 29. Ree7 g5 30. h4 h6 31. hxg5 hxg5 32. f4 Rge8 33. fxg5 Rxe7 34. Rxe7 fxg5 35. Bxg5 Kg8 36. Bf6 c4 37. Re3 Kf7 38. Bd4 Re8 39. Rxe8 Kxe8 40. Kf2 Kf7 41. g3 Kg6 42. Ke3 Kf5 43. Bb6 d5 44. Bd4 Be4 45. Bc5 c3 46. bxc3 bxc3 47. Bd4 c2 48. Kd2 Kg4 49. Be5 Kf3 50. Bf4 Bf5 51. Kc1 Ke2 52. Bd2 d4 53. Bf4 d3 54. Bd2 Be4 55. Bf4 Kf3 56. Bd2 Kxg3 57. Bc3 Kf3 58. Bd2 Ke2 59. Bc3 Bd5 60. Bd2 Bc4 61. Bc3 Kf3 62. Bd2 Ke4 63. Bc3 Bd5 64. Bd2 Kd4 65. Bh6 Kc3 66. Bd2+ Kb3 67. Bh6 Kc3 68. Bd2+ Kb3 69. Bh6 Kc3 1/2-1/2